| 000 | 00682nam a22001577a 4500 | ||
|---|---|---|---|
| 999 |
_c520753 _d520753 |
||
| 008 | 221012b ||||| |||| 00| 0 eng d | ||
| 100 |
_aRao, K.S. et al _935147 |
||
| 245 | _aThe concept of sacred in natural forest management in India | ||
| 260 | _aMan in India | ||
| 300 | _a102(1-2), 2022: p.41-65 | ||
| 520 | _aIn recent years, environmentalists and scholars of religion have shown an embolus interest in the pan Indian phenomenon of “sacred groves” small forests or stands of trees whose produce is set aside for the exclusive use of a deity. – Reproduced | ||
| 650 |
_aForest management _935148 |
||
| 773 | _aMan in India | ||
| 906 | _aFORESTS | ||
| 942 | _cAR | ||